LEADER 00769nam a2200217 i 4500 001 000000175115 003 CaOOAMICUS 005 20250519115801.0 008 081023s1976 it u000 u mul u 013 $a152592 040 $aSeMil$bita 245 10$a2. 260 $aRoma :$bA. Belardetti,$cstampa 1976. 300 $a419 p. ;$c25 cm. 773 0 $aSavonarola, Girolamo $tOperette spirituali.$dRoma : A. Belardetti, stampa 1976.$g2$w()20168 850 $aSeMil 852 $aSeMil$W1$xVenegono$y1$m2LL I 81$j257323$B125940$CSeMilBibl$Z2$F137033 $81 961 $aAcquisto: Belardetti 996 $6245$a2$9(OLS)http://semarc/title/46889 996 $6260$aRoma :$bA. Belardetti$9(OLS)http://semarc/publisher/30325 LEADER 00519naa a2200133 i 4500 001 000000305586 003 CaOOAMICUS 005 20180831172840.0 008 180831n it u000 u ita u 013 $a13779 040 $aSeMil$bita 245 10$aRegolamento per gli studiosi. - In :$bAppendice 1. 773 0 $tArchivio Storico Diocesano di Catania.$dCittą del Vaticano : [s.n.], 1999$kQuaderni di Archiva Ecclesiae$gp.371-373$w()58657 996 $6245$aRegolamento per gli studiosi. - In :$bAppendice 1.$9(OLS)http://semarc/title/381222